Mortalidad de los niños menores de once años, en la ciudad de Oaxaca, considerada en los años de 1910 a 1920 inclusive. Trabajo reglamentario presentado a la Academia Nacional de Medicina de México, por el socio Dr. Ramón Pardo

Detalles Bibliográficos
Autor principal: Pardo, Ramón
Formato: Libro
Lenguaje:Spanish
Publicado: Oaxaca : Talleres Intertipográficos de "Patria", 1922.
Materias:
Colección:Banco de datos
Acervo:Universidad Autónoma Benito Juárez de Oaxaca. Biblioteca Francisco de Burgoa. Colección moderna
Descripción Física:29 p. ; 29.5 cm.
Tema general:Salud
Notas:Portada tipográfica con plecas. Texto a renglón seguido con paginación en números arábigos y cornisas. Encuadernación en cartón (11594, 18225, 18226, 20460). Sello en tinta de la Biblioteca Pedagogica de Gobierno Constitucional del Estado de Oaxaca (20460)
LEADER 01066nam a22001690004500
035 |a 85 
041 0 |a spa 
100 1 |a Pardo, Ramón 
245 1 0 |a Mortalidad de los niños menores de once años, en la ciudad de Oaxaca, considerada en los años de 1910 a 1920 inclusive. Trabajo reglamentario presentado a la Academia Nacional de Medicina de México, por el socio Dr. Ramón Pardo 
260 |a Oaxaca : Talleres Intertipográficos de "Patria", 1922. 
300 |a 29 p. ; 29.5 cm. 
500 |a Portada tipográfica con plecas. Texto a renglón seguido con paginación en números arábigos y cornisas. Encuadernación en cartón (11594, 18225, 18226, 20460). Sello en tinta de la Biblioteca Pedagogica de Gobierno Constitucional del Estado de Oaxaca (20460) 
650 1 0 |a Salud 
852 |a Universidad Autónoma "Benito Juárez" de Oaxaca, Biblioteca Francisco de Burgoa, Colección moderna 11594, 18225, 18226, 20460 
942 |c BURMOD 
943 |g Universidad Autónoma Benito Juárez de Oaxaca. Biblioteca Francisco de Burgoa. Colección moderna 
999 |c 1124528  |d 1124528